|
|
|
|
| LEADER |
00000nam0a2200000 4500 |
| 001 |
373987 |
| 005 |
20231101050946.0 |
| 035 |
|
|
|a (RuTPU)RU\TPU\retro\31420
|
| 035 |
|
|
|a RU\TPU\book\225556
|
| 090 |
|
|
|a 373987
|
| 100 |
|
|
|a 20221216d1958 km y0rusy50 ca
|
| 101 |
0 |
|
|a rus
|
| 102 |
|
|
|a RU
|
| 105 |
|
|
|a a z 001zy
|
| 200 |
1 |
|
|a Очерки развития нефтедобывающей промышленности СССР
|f С. М. Лисичкин
|g Академия наук СССР (АН СССР), Институт экономики (ИЭ) ; под ред. И. Д. Карягина
|
| 210 |
|
|
|a Москва
|c Изд-во Академии наук СССР
|d 1958
|
| 215 |
|
|
|a 428 с.
|c ил.
|
| 320 |
|
|
|a Библиогр.: с. 404-426.
|
| 610 |
1 |
|
|a нефть
|
| 610 |
1 |
|
|a добыча
|
| 610 |
1 |
|
|a нефтедобыча
|
| 610 |
1 |
|
|a нефтедобывающая промышленность
|
| 610 |
1 |
|
|a нефтяные скважины
|
| 610 |
1 |
|
|a бурение
|
| 610 |
1 |
|
|a бурение на нефть
|
| 610 |
1 |
|
|a экономика
|
| 610 |
1 |
|
|a история
|
| 610 |
1 |
|
|a районирование
|
| 675 |
|
|
|a 622.323
|v 3
|
| 700 |
|
1 |
|a Лисичкин
|b С. М.
|g Степан Максимович
|
| 702 |
|
1 |
|a Карягин
|b И. Д.
|4 340
|
| 712 |
0 |
2 |
|a Академия наук СССР (АН СССР)
|b Институт экономики (ИЭ)
|c (Москва)
|2 stltpush
|3 (RuTPU)RU\TPU\col\11342
|
| 801 |
|
1 |
|a RU
|b 63413507
|c 20120117
|
| 801 |
|
2 |
|a RU
|b 63413507
|c 20221216
|g RCR
|
| 942 |
|
|
|c BK
|